<?xml version="1.0" encoding="UTF-8"?>
<record
    xmlns:xsi="http://www.w3.org/2001/XMLSchema-instance"
    xsi:schemaLocation="http://www.loc.gov/MARC21/slim http://www.loc.gov/standards/marcxml/schema/MARC21slim.xsd"
    xmlns="http://www.loc.gov/MARC21/slim">

  <leader>00972nam0a22002531i 4500</leader>
  <controlfield tag="001">rc\3951067</controlfield>
  <controlfield tag="005">20240724173633.0</controlfield>
  <datafield tag="021" ind1=" " ind2=" ">
    <subfield code="a">RU</subfield>
    <subfield code="b">[56-4687]</subfield>
  </datafield>
  <datafield tag="035" ind1=" " ind2=" ">
    <subfield code="a">(NLR Aleph) 008044527</subfield>
  </datafield>
  <datafield tag="090" ind1=" " ind2=" ">
    <subfield code="a">8902621</subfield>
    <subfield code="c">8902621</subfield>
  </datafield>
  <datafield tag="100" ind1=" " ind2=" ">
    <subfield code="a">20130415d1955    |||y0rusy50      ca</subfield>
  </datafield>
  <datafield tag="101" ind1="0" ind2=" ">
    <subfield code="a">rus</subfield>
  </datafield>
  <datafield tag="102" ind1=" " ind2=" ">
    <subfield code="a">RU</subfield>
  </datafield>
  <datafield tag="105" ind1=" " ind2=" ">
    <subfield code="a">y   d   |||||</subfield>
  </datafield>
  <datafield tag="200" ind1="1" ind2=" ">
    <subfield code="a">&#x418;&#x43D;&#x444;&#x430;&#x440;&#x43A;&#x442; &#x43C;&#x438;&#x43E;&#x43A;&#x430;&#x440;&#x434;&#x430;</subfield>
    <subfield code="e">(&#x41E;&#x441;&#x43E;&#x431;&#x435;&#x43D;&#x43D;&#x43E;&#x441;&#x442;&#x438; &#x44D;&#x442;&#x438;&#x43E;&#x43F;&#x430;&#x442;&#x43E;&#x433;&#x435;&#x43D;&#x435;&#x437;&#x430;, &#x43A;&#x43B;&#x438;&#x43D;&#x438;&#x447;. &#x442;&#x435;&#x447;&#x435;&#x43D;&#x438;&#x44F; &#x438; &#x43F;&#x43E;&#x441;&#x43B;&#x435;&#x434;&#x441;&#x442;&#x432;&#x438;&#x439; &#x435;&#x433;&#x43E;)</subfield>
    <subfield code="e">&#x410;&#x432;&#x442;&#x43E;&#x440;&#x435;&#x444;&#x435;&#x440;&#x430;&#x442; &#x434;&#x438;&#x441;. &#x43D;&#x430; &#x441;&#x43E;&#x438;&#x441;&#x43A;&#x430;&#x43D;&#x438;&#x435; &#x443;&#x447;&#x435;&#x43D;. &#x441;&#x442;&#x435;&#x43F;&#x435;&#x43D;&#x438; &#x43A;&#x430;&#x43D;&#x434;&#x438;&#x434;&#x430;&#x442;&#x430; &#x43C;&#x435;&#x434;. &#x43D;&#x430;&#x443;&#x43A;</subfield>
    <subfield code="f">&#x422;&#x431;&#x438;&#x43B;. &#x433;&#x43E;&#x441;. &#x43C;&#x435;&#x434;. &#x438;&#x43D;-&#x442;</subfield>
  </datafield>
  <datafield tag="210" ind1=" " ind2=" ">
    <subfield code="a">&#x41E;&#x434;&#x435;&#x441;&#x441;&#x430;</subfield>
    <subfield code="d">1955</subfield>
  </datafield>
  <datafield tag="215" ind1=" " ind2=" ">
    <subfield code="a">16 &#x441;.</subfield>
    <subfield code="d">20</subfield>
  </datafield>
  <datafield tag="300" ind1=" " ind2=" ">
    <subfield code="a">&#x41F;&#x435;&#x440;&#x435;&#x434; &#x437;&#x430;&#x433;&#x43B;. &#x430;&#x432;&#x442;.: &#x432;&#x440;&#x430;&#x447; &#x413;.&#x418;. &#x428;&#x43C;&#x430;&#x43B;&#x44C;&#x446;</subfield>
  </datafield>
  <datafield tag="606" ind1=" " ind2=" ">
    <subfield code="a">&#x41C;&#x438;&#x43E;&#x43A;&#x430;&#x440;&#x434;</subfield>
    <subfield code="x">&#x418;&#x43D;&#x444;&#x430;&#x440;&#x43A;&#x442;</subfield>
    <subfield code="2">psbo</subfield>
  </datafield>
  <datafield tag="700" ind1=" " ind2="1">
    <subfield code="a">&#x428;&#x43C;&#x430;&#x43B;&#x44C;&#x446;</subfield>
    <subfield code="b">&#x413;.&#x418;.</subfield>
  </datafield>
  <datafield tag="801" ind1=" " ind2="0">
    <subfield code="a">RU</subfield>
    <subfield code="b">NLR</subfield>
    <subfield code="g">psbo</subfield>
  </datafield>
  <datafield tag="801" ind1=" " ind2="1">
    <subfield code="a">RU</subfield>
    <subfield code="b">ELAR</subfield>
    <subfield code="2">rusmarc</subfield>
  </datafield>
  <datafield tag="852" ind1=" " ind2=" ">
    <subfield code="a">NLR</subfield>
    <subfield code="j">&#x41C;&#x434;30 &#x413;-4/1539</subfield>
  </datafield>
  <datafield tag="942" ind1=" " ind2=" ">
    <subfield code="c">BOOK</subfield>
  </datafield>
</record>
